000 00907nam a22002177a 4500
008 150519b xxu||||| |||| 00| 0 eng d
020 _a9780071798112
041 0 _aENG
080 _a658 GUI
100 _aGuillén, Mauro F.
245 0 0 _aEmerging markets rule :
_cMauro F. Guillen and Esteban Garcia-Canal.
260 _aNew York :
_bMcGraw-Hill,
_cc2013.
300 _a202 f
_bme il
_c24 cm.
500 _aIncludes bibliographical references (p. 187-193) and index.
505 _aIntroduction: a permanent revolution -- Execute, strategize, then execute again -- Cater to the niches -- Scale to win -- Embrace chaos -- Acquire smart -- Expand with abandon -- No sacred cows! -- Take action!
650 0 _aLean manufacturing.
650 0 _aStrategic planning.
650 0 _aDeveloping countries
700 _aGarcía-Canal, Esteban.
942 _2udc
_cBK
999 _c833
_d833